[Event "DMP-III LIGA Senior PK 2020"]
[Site "Bystre"]
[Date "2020.07.12"]
[Round "8.14"]
[White "Baniak, Lukasz"]
[Black "Dobrzanski, Krzysztof"]
[Result "1-0"]
[WhiteElo "1939"]
[BlackElo "1722"]
[Annotator "TA"]
[PlyCount "87"]
[EventDate "2020.07.05"]
[EventType "team-tourn"]
[EventCountry "POL"]
[SourceTitle "playchess.com"]
[Source "ChessBase"]
[SourceQuality "1"]

{[%evp 10,87,20,-1,33,33,33,29,37,-1,13,-14,65,70,99,89,135,147,161,153,231,177,175,175,232,208,238,163,138,-22,-17,-38,-25,-21,-41,-211,-46,-86,-101,-69,-21,-21,-21,-85,-65,-83,-76,-78,-83,-68,-26,-36,16,-114,-98,-95,-76,-85,0,0,0,-127,0,0,0,0,0,-147,0,-24,289,291,1082,1069,2287,1886,6087,5824,3036,2123]} 1. e4 c5 2. Nc3 Nc6 3. f4 d6 4. Nf3 g6 5. Bb5 Bg7 6. O-O Bg4 {B23: Closed Sicilian: Lines without g3.} 7. h3 Bd7 8. Bxc6 {[#]} Bxc6 $146 {White has an edge.} ({Predecessor:} 8... bxc6 9. d3 Rb8 10. Qe1 e6 11. Ng5 h6 12. Nf3 Ne7 13. e5 d5 14. Na4 Nf5 {1-0 (44) Stoleriu,G (1877)-Janzakov,A (1543) Al Ain 2013}) 9. d3 Qc7 10. Bd2 O-O-O (10... b5 $11) 11. Rb1 $14 e6 12. b4 $36 {[%mdl 2048] White is in control.} b6 13. a4 Ne7 14. bxc5 bxc5 (14... dxc5 $16 15. a5 c4) 15. Nb5 Bxb5 16. axb5 Kd7 (16... Kb8 {was necessary.} 17. Qe1 Nc8) 17. Qe1 $18 Rb8 18. Ng5 h6 19. Nxf7 $2 (19. Ba5 $16 Qc8 20. Nf3) 19... Rhf8 $11 20. f5 {Strongly threatening Ba5.} Rxf7 21. fxe6+ Kxe6 22. Qh4 $2 (22. Qg3 $1 $15 Rf6 23. Bc3) 22... Rf6 $2 (22... h5 $19 23. g4 Bd4+ 24. Kh1 Rh7) 23. Qg4+ Kf7 $1 24. Bc3 Rf8 (24... Rxb5 $5 25. Ra1 c4 $11) 25. Bxf6 Bxf6 26. Rf3 (26. Kh1 $1 $11 {keeps the balance.}) 26... Kg7 27. Rbf1 Ng8 28. Kh1 Qe7 29. Rg3 Qe8 (29... Bg5 $5 {[%cal Rf8f1]} 30. Rxf8 Kxf8 $15) 30. c4 h5 (30... Kh7 $15) 31. Qe2 (31. Qxh5 $1 $11 {was the only way to keep the balance.} Nh6 32. h4) 31... Qe5 32. Rgf3 Ne7 33. Qa2 Nc8 (33... Rf7 $17) 34. Qa6 Qe8 35. d4 (35. Rf4 $11 {remains equal.}) 35... Qe7 (35... cxd4 $17 {...Qe7 is the strong threat.} 36. c5 Qxe4) 36. e5 dxe5 37. dxc5 e4 38. Re1 (38. Rxf6 $1 $11 Rxf6 39. Rxf6 Qxf6 40. Qxc8 Qf1+ 41. Kh2 Qf4+ 42. g3 Qf2+ 43. Kh1) 38... e3 ({Not} 38... exf3 39. Rxe7+ Bxe7 40. gxf3 $11) ({Black should play} 38... Qxc5 $17 39. Rxe4 Nd6) 39. b6 Qxc5 $2 {[%mdl 8192]} (39... axb6 $11 {and Black stays safe.} 40. cxb6 Qb4 $1 {[%mdl 512]} 41. Rfxe3 Qxb6) 40. b7 $18 Nd6 $2 {[#]} (40... Nb6 41. b8=Q (41. Rexe3 Rb8 $16) 41... Rxb8) 41. Rxf6 $1 {[%mdl 576] Deflection, Promotion. White is clearly winning.} Rxf6 42. b8=Q e2 43. Qbxa7+ Qxa7 44. Qxa7+ {Accuracy: White = 56%, Black = 39%.} 1-0

[Event "DMP-III LIGA Senior PK 2020"]
[Site "Bystre"]
[Date "2020.07.12"]
[Round "8.15"]
[White "Palacki, Rafal"]
[Black "Biesiadecki, Adam"]
[Result "1-0"]
[WhiteElo "1755"]
[BlackElo "1539"]
[Annotator "NA RC"]
[PlyCount "77"]
[EventDate "2020.07.05"]
[EventType "team-tourn"]
[EventCountry "POL"]
[SourceTitle "playchess.com"]
[Source "ChessBase"]
[SourceQuality "1"]
[TimeControl "5400+30"]

1. e4 {[%emt 0:00:00]} c5 {[%emt 0:00:00]} 2. Nc3 {[%emt 0:00:00]} Nc6 {[%emt 0:00:21]} 3. f4 {[%emt 0:03:58]} e6 {[%emt 0:00:29]} 4. Nf3 {[%emt 0:00:24]} d5 {[%emt 0:00:14]} 5. Bb5 {[%emt 0:01:22]} Nf6 {[%emt 0:02:37]} 6. e5 {[%emt 0:04:05]} Nd7 {[%emt 0:00:44]} 7. Bxc6 {[%emt 0:04:04]} bxc6 {[%emt 0:00:02]} 8. d3 {[%emt 0:00:45]} Qc7 {[%emt 0:02:23]} 9. O-O {[%emt 0:01:08]} Ba6 {[%emt 0:01:47]} 10. b3 {[%emt 0:01:53]} g6 {[%emt 0:01:21]} 11. Qe1 {[%emt 0:01:16]} c4 {[%emt 0:02:05]} 12. bxc4 {[%emt 0:02:15]} dxc4 {[%emt 0:00:26]} 13. d4 {[%emt 0:00:40]} h5 {[%emt 0:02:40]} 14. Ng5 {[%emt 0:02:25]} Nb6 {[%emt 0:01:19]} 15. a4 {[%emt 0:05:05]} Nd5 {[%emt 0:03:04]} 16. Nce4 {[%emt 0:01:47]} c3 {[%emt 0:13:24]} 17. Rf3 {[%emt 0:02:33]} c5 {[%emt 0:03:29]} 18. dxc5 {[%emt 0:03:16]} Bxc5+ {[%emt 0:00:26]} 19. Kh1 {[%emt 0:00:57]} Rc8 {[%emt 0:02:03]} 20. Ba3 {[%emt 0:05:03]} Bxa3 {[%emt 0:03:04]} 21. Rxa3 {[%emt 0:00:46]} O-O {[%emt 0:01:38]} 22. Nxc3 {[%emt 0:23:57]} Rfd8 {[%emt 0:04:59]} 23. Nxd5 {[%emt 0:07:50]} Rxd5 {[%emt 0:01:20]} 24. Rfc3 {[%emt 0:04:21]} Qxc3 {[%emt 0:02:57]} 25. Rxc3 {[%emt 0:00:08]} Rxc3 {[%emt 0:00:01]} 26. Ne4 {[%emt 0:01:38]} Re3 {[%emt 0:00:21]} 27. Qxe3 {[%emt 0:00:49]} Rd1+ {[%emt 0:00:04]} 28. Qg1 {[%emt 0:00:05]} Rxg1+ {[%emt 0:00:03]} 29. Kxg1 {[%emt 0:00:12]} Bc4 {[%emt 0:00:43]} 30. Kf2 {[%emt 0:00:39]} Kf8 {[%emt 0:00:48]} 31. Ke3 {[%emt 0:00:26]} Ke7 {[%emt 0:00:32]} 32. Kd4 {[%emt 0:00:13]} Bd5 {[%emt 0:00:16]} 33. g3 {[%emt 0:02:46]} Bc6 {[%emt 0:02:01]} 34. a5 {[%emt 0:00:25]} Kd7 {[%emt 0:01:59]} 35. Nd6 {[%emt 0:00:42]} f5 {[%emt 0:00:42]} 36. Kc5 {[%emt 0:00:24]} Ba4 {[%emt 0:00:30]} 37. c4 {[%emt 0:01:11]} Bc6 {[%emt 0:01:42]} 38. Nc8 {[%emt 0:01:43]} a6 {[%emt 0:00:32]} 39. Ne7 {[%emt 0:00:19]} 1-0

[Event "DMP-III LIGA Senior PK 2020"]
[Site "Bystre"]
[Date "2020.07.12"]
[Round "8.16"]
[White "Juszczuk, Grzegorz"]
[Black "Zajac, Karol"]
[Result "1/2-1/2"]
[WhiteElo "1809"]
[BlackElo "1652"]
[Annotator "NA RC"]
[PlyCount "56"]
[EventDate "2020.07.05"]
[EventType "team-tourn"]
[EventCountry "POL"]
[SourceTitle "playchess.com"]
[Source "ChessBase"]
[SourceQuality "1"]
[TimeControl "5400+30"]

1. d4 {[%emt 0:00:00]} d5 {[%emt 0:00:00]} 2. Nf3 {[%emt 0:00:00]} Nf6 {[%emt 0:00:00]} 3. Bf4 {[%emt 0:00:00]} e6 {[%emt 0:00:13]} 4. e3 {[%emt 0:00:07]} Bd6 {[%emt 0:00:09]} 5. Ne5 {[%emt 0:00:10]} O-O {[%emt 0:00:53]} 6. Be2 {[%emt 0:00:15]} c5 {[%emt 0:02:02]} 7. O-O {[%emt 0:00:16]} b6 {[%emt 0:03:18]} 8. c3 {[%emt 0:00:39]} Qc7 {[%emt 0:00:49]} 9. Nd2 {[%emt 0:00:56]} Nbd7 {[%emt 0:01:29]} 10. Ndf3 {[%emt 0:00:30]} Ne4 {[%emt 0:00:25]} 11. Bd3 {[%emt 0:01:52]} Bb7 {[%emt 0:02:07]} 12. Nxd7 {[%emt 0:00:42]} Qxd7 {[%emt 0:00:39]} 13. Ne5 {[%emt 0:00:15]} Qc7 {[%emt 0:06:16]} 14. Qg4 {[%emt 0:03:31]} Rae8 {[%emt 0:04:04]} 15. f3 {[%emt 0:01:39]} f6 {[%emt 0:01:10]} 16. fxe4 {[%emt 0:03:30]} fxe5 {[%emt 0:00:52]} 17. Bxe5 {[%emt 0:01:24]} Bxe5 {[%emt 0:01:15]} 18. Rxf8+ {[%emt 0:00:21]} Kxf8 {[%emt 0:00:34]} 19. dxe5 {[%emt 0:00:16]} Qxe5 {[%emt 0:00:41]} 20. Bb5 {[%emt 0:03:28]} Re7 {[%emt 0:01:18]} 21. Qh4 {[%emt 0:06:00]} g5 {[%emt 0:08:33]} 22. Rf1+ {[%emt 0:06:57]} Kg8 {[%emt 0:03:48]} 23. Qf2 {[%emt 0:01:24]} Qg7 {[%emt 0:00:08]} 24. exd5 {[%emt 0:01:35]} Bxd5 {[%emt 0:02:30]} 25. Qg3 {[%emt 0:03:50]} Rf7 {[%emt 0:06:26]} 26. Qb8+ {[%emt 0:01:55]} Qf8 {[%emt 0:00:10]} 27. Qxf8+ {[%emt 0:00:40]} Rxf8 {[%emt 0:00:48]} 28. a3 {[%emt 0:00:25]} Rxf1+ {[%emt 0:01:12]} 1/2-1/2

[Event "DMP-III LIGA Senior PK 2020"]
[Site "Bystre"]
[Date "2020.07.12"]
[Round "8.18"]
[White "Krzyzanowska-Zadlo, Lidia"]
[Black "Tarsa, Joanna"]
[Result "1/2-1/2"]
[WhiteElo "1801"]
[BlackElo "1574"]
[Annotator "NA RC"]
[PlyCount "96"]
[EventDate "2020.07.05"]
[EventType "team-tourn"]
[EventCountry "POL"]
[SourceTitle "playchess.com"]
[Source "ChessBase"]
[SourceQuality "1"]
[TimeControl "5400+30"]

1. e4 {[%emt 0:00:00]} c5 {[%emt 0:00:00]} 2. Nc3 {[%emt 0:00:00]} Nc6 {[%emt 0:00:03]} 3. f4 {[%emt 0:00:22]} d6 {[%emt 0:00:46]} 4. Bb5 {[%emt 0:07:07]} e6 {[%emt 0:05:09]} 5. Nf3 {[%emt 0:00:27]} Bd7 {[%emt 0:00:57]} 6. O-O {[%emt 0:00:33]} Nf6 {[%emt 0:05:12]} 7. d3 {[%emt 0:02:11]} Be7 {[%emt 0:02:17]} 8. h3 {[%emt 0:06:44]} a6 {[%emt 0:05:44]} 9. Bxc6 {[%emt 0:00:43]} Bxc6 {[%emt 0:00:26]} 10. g4 {[%emt 0:04:38]} Qc7 {[%emt 0:03:13]} 11. Qe1 {[%emt 0:04:41]} O-O-O {[%emt 0:02:57]} 12. a4 {[%emt 0:04:27]} h5 {[%emt 0:15:59]} 13. g5 {[%emt 0:00:45]} Nd7 {[%emt 0:00:25]} 14. h4 {[%emt 0:00:53]} g6 {[%emt 0:05:27]} 15. Bd2 {[%emt 0:08:27]} Rhe8 {[%emt 0:05:58]} 16. b3 {[%emt 0:13:21]} d5 {[%emt 0:04:06]} 17. e5 {[%emt 0:00:30]} d4 {[%emt 0:02:06]} 18. Ne4 {[%emt 0:00:39]} Bxe4 {[%emt 0:00:06]} 19. Qxe4 {[%emt 0:00:19]} Nb8 {[%emt 0:04:18]} 20. Kh1 {[%emt 0:09:53]} Qc6 {[%emt 0:02:29]} 21. Qe2 {[%emt 0:03:03]} b6 {[%emt 0:03:19]} 22. Kh2 {[%emt 0:00:28]} Qd5 {[%emt 0:01:11]} 23. Rfd1 {[%emt 0:02:53]} Nc6 {[%emt 0:01:15]} 24. Be1 {[%emt 0:00:43]} Nb4 {[%emt 0:01:47]} 25. Nd2 {[%emt 0:01:00]} Qb7 {[%emt 0:02:28]} 26. Ne4 {[%emt 0:08:03]} Nd5 {[%emt 0:02:10]} 27. Bd2 {[%emt 0:01:07]} a5 {[%emt 0:01:34]} 28. Kg3 {[%emt 0:02:04]} Nb4 {[%emt 0:03:32]} 29. Bxb4 {[%emt 0:02:48]} cxb4 {[%emt 0:00:17]} 30. Nd2 {[%emt 0:00:14]} Qd5 {[%emt 0:01:58]} 31. Nc4 {[%emt 0:00:16]} Kb7 {[%emt 0:01:00]} 32. Re1 {[%emt 0:01:15]} Rc8 {[%emt 0:01:02]} 33. Qf2 {[%emt 0:00:11]} Red8 {[%emt 0:00:50]} 34. Re4 {[%emt 0:00:25]} Bf8 {[%emt 0:01:31]} 35. Rae1 {[%emt 0:02:40]} Be7 {[%emt 0:03:50]} 36. R1e2 {[%emt 0:00:50]} Bf8 {[%emt 0:00:13]} 37. Qe1 {[%emt 0:02:26]} Re8 {[%emt 0:04:21]} 38. Qa1 {[%emt 0:00:47]} Red8 {[%emt 0:01:13]} 39. Qg1 {[%emt 0:04:00]} Bc5 {[%emt 0:01:21]} 40. Qa1 {[%emt 0:00:33]} Bf8 {[%emt 0:00:10]} 41. Qg1 {[%emt 0:01:59]} Bc5 {[%emt 0:00:04]} 42. Qg2 {[%emt 0:00:55]} Ka7 {[%emt 0:00:55]} 43. Qg1 {[%emt 0:00:35]} Kb7 {[%emt 0:00:04]} 44. Nd6+ Bxd6 45. exd6 Qxd6 46. Re5 Rc3 47. Rb5 Rdc8 48. Re4 Rd8 1/2-1/2

[Event "DMP-III LIGA Senior PK 2020"]
[Site "Bystre"]
[Date "2020.07.12"]
[Round "8.19"]
[White "Piekarski, Lukasz"]
[Black "Miasik, Adrian"]
[Result "1/2-1/2"]
[WhiteElo "1901"]
[BlackElo "1881"]
[Annotator "TA"]
[PlyCount "75"]
[EventDate "2020.07.05"]
[EventType "team-tourn"]
[EventCountry "POL"]
[SourceTitle "playchess.com"]
[Source "ChessBase"]
[SourceQuality "1"]

{[%evp 22,75,6,-6,-12,-37,0,0,0,0,0,-37,-31,-131,-128,-139,0,0,0,0,141,138,144,140,137,108,120,100,174,178,187,176,188,186,172,81,101,32,53,68,102,-125,-67,-75,-50,-322,0,-164,0,-314,0,-47,105,103,334,21]} 1. e4 e5 2. Nf3 Nc6 3. d4 exd4 4. Bc4 Nf6 5. e5 d5 6. Bb5 Ne4 7. Nxd4 Bd7 8. Bxc6 bxc6 9. O-O Bc5 10. Be3 Bb6 11. f3 Ng5 12. Qd2 Ne6 {C56: Two Knights: 4 d4 exd4 5 0-0 Nxe4.} 13. Nb3 O-O 14. Nc3 {[%cal Bb1c3,Bc3a4,Ba4c5][%mdl 32]} Qe7 {[#] The position is equal.} 15. Na4 $146 ({Predecessor:} 15. f4 f5 16. Ne2 Bxe3+ 17. Qxe3 c5 18. Rad1 d4 19. Qf3 Rab8 20. c3 Bb5 21. cxd4 cxd4 22. Nbxd4 {½-½ (28) Fister,B (2370)-Sorensen,K (2321) ICCF email 2011}) 15... Rad8 16. Rfd1 Rfe8 17. Qc3 (17. c3 $15) 17... Nf4 $1 $17 {[%cal Rf4e2]} 18. Re1 {[#]} Ng6 ({But not} 18... Qg5 19. g3 $17) ({Black should try} 18... Bh3 $1 $17 {[%mdl 512]} 19. g3 (19. Nxb6 Nxg2 20. Na4 Nxe1 $19) (19. gxh3 Qg5+) 19... Ng2 {[%mdl 64] Double Attack}) 19. Nac5 $11 Qxe5 ({Not} 19... Nxe5 $2 20. Bd4 $18) 20. Bd4 Qd6 (20... Qg5 $1 $11) 21. Nb7 $1 $36 {[%cal Rb7d6][%mdl 2112] Double Attack. White is really pushing.} Qf4 22. Nxd8 Rxd8 23. g3 Qf5 24. a4 {[%cal Ba2a4,Ba4a5][%mdl 32]} h5 (24... a5 $16 {was necessary.} 25. Re2 (25. Nxa5 c5 $14) 25... h5) 25. a5 $18 Bxd4+ 26. Nxd4 Qf6 27. f4 h4 28. Re3 (28. Qc5 $18 {has better winning chances.}) 28... Qd6 $16 {Black wants to play ...c5.} 29. b4 (29. Nb3 $1 $16) 29... Rb8 30. f5 Ne5 31. Nb3 $2 (31. Nb5 $16 Rxb5 32. Qxe5) 31... f6 ({Black should play} 31... Ng4 $1 $17 {[%cal Rg4e3]} 32. Rd3 Bxf5) 32. Nc5 Bxf5 {aiming for ...d4.} 33. Rf1 $2 {[%mdl 8192]} (33. Qd4 $1 $15) 33... Bh3 $2 (33... d4 $1 $19 {[%cal Rd4c3]} 34. Qb3+ Be6 35. Qxe6+ Qxe6 36. Nxe6 dxe3) 34. Rfe1 $2 (34. Rd1 $11) 34... Bf5 (34... d4 $142 35. Qb3+ Be6 36. Qxe6+ Qxe6 37. Nxe6 dxe3 38. Rxe3 Rxb4 39. gxh4 Rxh4 40. Nxc7 Rc4) 35. Rf1 $19 {[#]} Bg6 $2 (35... d4 $1 $19 {[%cal Rd4c3]} 36. Qb3+ Be6 37. Qxe6+ Qxe6 38. Nxe6 dxe3) 36. Qd4 h3 $2 (36... hxg3 $15 {keeps the upper hand.} 37. Rxg3 Bxc2) 37. c3 $16 {[%mdl 1024] White has strong compensation.} Rd8 $2 {[#]} (37... Re8 $16) 38. Rfe1 $2 {Accuracy: White = 46%, Black = 50%.} (38. Nb7 $1 $18 {[%cal Rb7d6]} c5 39. bxc5) 1/2-1/2

[Event "DMP-III LIGA Senior PK 2020"]
[Site "Bystre"]
[Date "2020.07.12"]
[Round "8.20"]
[White "Ciasnocha, Michal"]
[Black "Pasionek, Ariel"]
[Result "1/2-1/2"]
[WhiteElo "1795"]
[BlackElo "1914"]
[Annotator "TA"]
[PlyCount "36"]
[EventDate "2020.07.05"]
[EventType "team-tourn"]
[EventCountry "POL"]
[SourceTitle "playchess.com"]
[Source "ChessBase"]
[SourceQuality "1"]

{[%evp 14,36,33,33,27,22,27,24,12,9,8,0,32,4,36,35,49,40,62,59,60,45,46,42,69]} 1. d4 Nf6 2. Nf3 g6 3. g3 Bg7 4. Bg2 O-O 5. O-O d6 6. b3 c6 7. Bb2 Bg4 8. Nbd2 Qc7 {A49: 1 d4 Nf6 2 Nf3 g6 3 g3: Anti-King's Indian systems.} 9. e4 Nbd7 10. Re1 e5 {White has an edge.} 11. h3 Bxf3 12. Nxf3 {[#]} Rfd8 $146 ({Predecessor:} 12... exd4 13. Nxd4 Rfe8 14. c4 a5 15. Qc2 a4 16. b4 a3 17. Bc3 Nb6 18. Qb3 Na4 {½-½ (40) Aleksanyan,H (1981)-Ostapchik,A (1897) Al Ain 2013}) 13. Qe2 Nh5 14. Rad1 {White is slightly better.} Nf8 15. dxe5 dxe5 16. Rxd8 Rxd8 17. Rd1 Rxd1+ 18. Qxd1 Qd7 {Accuracy: White = 88%, Black = 66%.} 1/2-1/2

[Event "DMP-III LIGA Senior PK 2020"]
[Site "Bystre"]
[Date "2020.07.12"]
[Round "8.21"]
[White "Wojciechowski, Beniamin"]
[Black "Babiarz, Arkadiusz"]
[Result "0-1"]
[WhiteElo "1835"]
[BlackElo "1840"]
[Annotator "NA RC"]
[PlyCount "64"]
[EventDate "2020.07.05"]
[EventType "team-tourn"]
[EventCountry "POL"]
[SourceTitle "playchess.com"]
[Source "ChessBase"]
[SourceQuality "1"]
[TimeControl "5400+30"]

1. e4 {[%emt 0:00:00]} c5 {[%emt 0:00:00]} 2. Nc3 {[%emt 0:00:00]} e6 {[%emt 0:00:00]} 3. Nge2 {[%emt 0:00:00]} Nc6 {[%emt 0:00:51]} 4. g3 {[%emt 0:00:00]} Nf6 {[%emt 0:00:19]} 5. Bg2 {[%emt 0:00:00]} Be7 {[%emt 0:01:08]} 6. O-O {[%emt 0:01:11]} O-O {[%emt 0:00:07]} 7. d3 {[%emt 0:01:37]} Rb8 {[%emt 0:06:08]} 8. Bg5 {[%emt 0:21:08]} b5 {[%emt 0:04:06]} 9. Qd2 {[%emt 0:00:46]} b4 {[%emt 0:09:08]} 10. Na4 {[%emt 0:02:02]} Qa5 {[%emt 0:00:49]} 11. b3 {[%emt 0:00:14]} c4 {[%emt 0:01:24]} 12. Bf4 {[%emt 0:01:45]} c3 {[%emt 0:02:28]} 13. Qd1 {[%emt 0:03:19]} e5 {[%emt 0:04:32]} 14. Bg5 {[%emt 0:04:45]} Qc7 {[%emt 0:03:18]} 15. d4 {[%emt 0:19:54]} Ba6 {[%emt 0:08:10]} 16. d5 {[%emt 0:05:08]} Bxe2 {[%emt 0:02:38]} 17. Qxe2 {[%emt 0:00:09]} Nd4 {[%emt 0:00:02]} 18. Qd3 {[%emt 0:01:10]} Nxd5 {[%emt 0:00:26]} 19. exd5 {[%emt 0:05:11]} Bxg5 {[%emt 0:00:06]} 20. f4 {[%emt 0:00:09]} Bf6 {[%emt 0:01:05]} 21. Be4 {[%emt 0:10:16]} g6 {[%emt 0:03:00]} 22. Qa6 {[%emt 0:08:47]} d6 {[%emt 0:06:25]} 23. a3 {[%emt 0:03:50]} Bg7 {[%emt 0:01:38]} 24. f5 {[%emt 0:02:36]} gxf5 {[%emt 0:07:21]} 25. Bxf5 {[%emt 0:00:04]} Rb5 {[%emt 0:07:23]} 26. Be4 {[%emt 0:02:43]} Qd7 {[%emt 0:02:03]} 27. axb4 {[%emt 0:02:00]} f5 {[%emt 0:00:46]} 28. Bd3 {[%emt 0:00:55]} Rxb4 {[%emt 0:00:08]} 29. Nxc3 {[%emt 0:02:39]} e4 {[%emt 0:00:41]} 30. Bc4 {[%emt 0:02:03]} Nf3+ {[%emt 0:00:30]} 31. Rxf3 {[%emt 0:00:26]} exf3 {[%emt 0:00:01]} 32. Nd1 {[%emt 0:00:37]} Qe7 {[%emt 0:01:54]} 0-1

[Event "DMP-III LIGA Senior PK 2020"]
[Site "Bystre"]
[Date "2020.07.12"]
[Round "8.22"]
[White "Ziemniak, Piotr"]
[Black "Krynicki, Grzegorz"]
[Result "1-0"]
[WhiteElo "1791"]
[BlackElo "1369"]
[Annotator "NA RC"]
[PlyCount "91"]
[EventDate "2020.07.05"]
[EventType "team-tourn"]
[EventCountry "POL"]
[SourceTitle "playchess.com"]
[Source "ChessBase"]
[SourceQuality "1"]
[TimeControl "5400+30"]

1. e4 c5 2. Nf3 a6 3. d4 cxd4 4. Nxd4 Nf6 5. Nd2 e5 6. N4f3 d6 7. Bc4 Qc7 8. Ng5 d5 9. Bxd5 Nxd5 10. exd5 h6 11. Nge4 b5 12. b3 Bb4 13. O-O O-O 14. Bb2 f5 15. c3 Ba5 16. Ng3 Bb7 17. c4 Nd7 18. Rc1 Qd6 19. Nf3 bxc4 20. bxc4 Rab8 21. Qc2 e4 22. Nd4 g6 23. Nb3 Bb4 24. Ba1 Ne5 25. Rfd1 Nd3 26. Rxd3 exd3 27. Qxd3 Qf4 28. Rd1 Rfe8 29. h3 Re1+ 30. Rxe1 Bxe1 31. Qe2 Bb4 32. Qe6+ Kf8 33. Be5 Qg5 34. Bxb8 Qe7 35. Qxe7+ Kxe7 36. Bf4 a5 37. Bd2 Ba6 38. Bxb4+ axb4 39. Nd2 Kd6 40. Ne2 Kc5 41. g4 fxg4 42. hxg4 Kb6 43. Nd4 Ka5 44. Nc6+ Ka4 45. d6 Bc8 46. Ne5 1-0

[Event "DMP-III LIGA Senior PK 2020"]
[Site "Bystre"]
[Date "2020.07.12"]
[Round "8.23"]
[White "Borukalo, Zdzislaw"]
[Black "Wozniak, Grzegorz"]
[Result "0-1"]
[WhiteElo "1679"]
[BlackElo "1608"]
[Annotator "NA RC"]
[PlyCount "64"]
[EventDate "2020.07.05"]
[EventType "team-tourn"]
[EventCountry "POL"]
[SourceTitle "playchess.com"]
[Source "ChessBase"]
[SourceQuality "1"]
[TimeControl "5400+30"]

1. e4 {[%emt 0:00:00]} c5 {[%emt 0:00:00]} 2. c3 {[%emt 0:00:00]} e6 {[%emt 0:00:02]} 3. d4 {[%emt 0:00:00]} cxd4 {[%emt 0:01:12]} 4. cxd4 {[%emt 0:00:00]} d5 {[%emt 0:00:16]} 5. e5 {[%emt 0:00:23]} Qb6 {[%emt 0:01:51]} 6. Nf3 {[%emt 0:00:12]} Nc6 {[%emt 0:00:33]} 7. Nc3 {[%emt 0:06:10]} Nge7 {[%emt 0:06:00]} 8. Na4 {[%emt 0:01:31]} Qc7 {[%emt 0:02:51]} 9. Be2 {[%emt 0:12:27]} Ng6 {[%emt 0:07:05]} 10. O-O {[%emt 0:12:02]} Be7 {[%emt 0:00:29]} 11. g3 {[%emt 0:00:11]} f6 {[%emt 0:01:28]} 12. exf6 {[%emt 0:00:41]} Bxf6 {[%emt 0:00:47]} 13. h4 {[%emt 0:02:43]} O-O {[%emt 0:03:21]} 14. h5 {[%emt 0:02:46]} Nge7 {[%emt 0:00:37]} 15. Bf4 {[%emt 0:02:03]} e5 {[%emt 0:06:27]} 16. dxe5 {[%emt 0:00:18]} Nxe5 {[%emt 0:00:40]} 17. Rc1 {[%emt 0:07:37]} Nxf3+ {[%emt 0:06:41]} 18. Bxf3 {[%emt 0:00:14]} Qd8 {[%emt 0:03:18]} 19. Bc7 {[%emt 0:02:35]} Qd7 {[%emt 0:02:26]} 20. Bf4 {[%emt 0:03:08]} Qf5 {[%emt 0:28:40]} 21. Bg2 {[%emt 0:22:22]} Be5 {[%emt 0:04:37]} 22. Bxe5 {[%emt 0:01:17]} Qxe5 {[%emt 0:00:06]} 23. Re1 {[%emt 0:03:51]} Qd6 {[%emt 0:02:23]} 24. Nc3 {[%emt 0:04:21]} Be6 {[%emt 0:06:28]} 25. Nb5 {[%emt 0:02:24]} Qb6 {[%emt 0:00:30]} 26. Rxe6 {[%emt 0:01:12]} Qxf2+ {[%emt 0:00:09]} 27. Kh2 {[%emt 0:00:37]} Nf5 {[%emt 0:00:52]} 28. Qb3 {[%emt 0:05:35]} Nh4 {[%emt 0:05:25]} 29. Rc2 {[%emt 0:02:34]} Nf3+ {[%emt 0:01:11]} 30. Kh3 {[%emt 0:01:55]} Ng1+ {[%emt 0:02:25]} 31. Kh4 {[%emt 0:01:54]} Rf4+ {[%emt 0:00:03]} 32. Kg5 {[%emt 0:00:55]} h6+ {[%emt 0:00:53]} 0-1

[Event "DMP-III LIGA Senior PK 2020"]
[Site "Bystre"]
[Date "2020.07.12"]
[Round "8.24"]
[White "Polak, Sylwia"]
[Black "Krzysztynska, Anna"]
[Result "0-1"]
[WhiteElo "1614"]
[BlackElo "1857"]
[Annotator "NA RC"]
[PlyCount "98"]
[EventDate "2020.07.05"]
[EventType "team-tourn"]
[EventCountry "POL"]
[SourceTitle "playchess.com"]
[Source "ChessBase"]
[SourceQuality "1"]
[TimeControl "5400+30"]

1. d4 {[%emt 0:00:00]} Nf6 {[%emt 0:00:00]} 2. c4 {[%emt 0:00:00]} g6 {[%emt 0:00:00]} 3. Nc3 {[%emt 0:00:00]} Bg7 {[%emt 0:00:00]} 4. e4 {[%emt 0:00:21]} d6 {[%emt 0:00:00]} 5. Nf3 {[%emt 0:00:04]} O-O {[%emt 0:00:20]} 6. Be2 {[%emt 0:00:09]} Nc6 {[%emt 0:00:59]} 7. O-O {[%emt 0:00:29]} e5 {[%emt 0:00:20]} 8. d5 {[%emt 0:00:05]} Ne7 {[%emt 0:00:05]} 9. Ne1 {[%emt 0:01:21]} Nd7 {[%emt 0:05:24]} 10. Be3 {[%emt 0:01:40]} f5 {[%emt 0:01:04]} 11. f3 {[%emt 0:00:08]} f4 {[%emt 0:01:03]} 12. Bf2 {[%emt 0:00:05]} g5 {[%emt 0:00:55]} 13. Nd3 {[%emt 0:00:28]} b6 {[%emt 0:03:48]} 14. b4 {[%emt 0:02:54]} a5 {[%emt 0:03:23]} 15. a3 {[%emt 0:00:25]} Ba6 {[%emt 0:05:02]} 16. Qb3 {[%emt 0:03:46]} h5 {[%emt 0:03:50]} 17. c5 {[%emt 0:04:34]} g4 {[%emt 0:09:36]} 18. b5 {[%emt 0:07:51]} Bc8 {[%emt 0:01:35]} 19. cxd6 {[%emt 0:00:31]} cxd6 {[%emt 0:01:44]} 20. fxg4 {[%emt 0:02:41]} hxg4 {[%emt 0:03:46]} 21. Bxg4 {[%emt 0:01:11]} Nf6 {[%emt 0:01:19]} 22. Bxc8 {[%emt 0:00:23]} Rxc8 {[%emt 0:00:53]} 23. Nxe5 {[%emt 0:07:03]} Rxc3 {[%emt 0:08:58]} 24. Qxc3 {[%emt 0:21:26]} Nxe4 {[%emt 0:12:18]} 25. Qh3 {[%emt 0:03:46]} Bxe5 {[%emt 0:11:44]} 26. Qe6+ {[%emt 0:03:55]} Kg7 {[%emt 0:01:39]} 27. Bh4 {[%emt 0:03:31]} Nf6 {[%emt 0:03:41]} 28. Rad1 {[%emt 0:04:33]} Ng6 {[%emt 0:02:52]} 29. Bf2 {[%emt 0:01:40]} Ne4 {[%emt 0:04:25]} 30. Bd4 {[%emt 0:03:09]} Nc5 {[%emt 0:01:30]} 31. Qg4 {[%emt 0:01:07]} Qf6 {[%emt 0:02:18]} 32. Bxe5 {[%emt 0:03:24]} Qxe5 {[%emt 0:00:50]} 33. Rfe1 {[%emt 0:06:35]} Qf5 {[%emt 0:00:50]} 34. Re7+ {[%emt 0:03:26]} Kh6 {[%emt 0:01:15]} 35. Qxf5 {[%emt 0:00:19]} Rxf5 {[%emt 0:00:01]} 36. Re8 {[%emt 0:01:06]} Ne5 {[%emt 0:02:27]} 37. Rd8 {[%emt 0:03:03]} Rf6 {[%emt 0:02:37]} 38. Rb8 {[%emt 0:02:10]} Ncd7 {[%emt 0:02:11]} 39. Rc8 {[%emt 0:01:09]} f3 {[%emt 0:02:10]} 40. Rf1 {[%emt 0:03:36]} fxg2 {[%emt 0:01:27]} 41. Kxg2 {[%emt 0:00:21]} Kg5 {[%emt 0:01:11]} 42. Rg8+ {[%emt 0:01:58]} Rg6 {[%emt 0:00:27]} 43. Rh8 {[%emt 0:00:51]} Rh6 {[%emt 0:00:40]} 44. Rg8+ {[%emt 0:00:30]} Rg6 {[%emt 0:00:21]} 45. Rh8 {[%emt 0:00:58]} Rf6 {[%emt 0:00:23]} 46. Rg8+ {[%emt 0:00:35]} Kh6 {[%emt 0:00:15]} 47. Re8 {[%emt 0:01:53]} Rg6+ {[%emt 0:00:52]} 48. Kh3 {[%emt 0:00:44]} Nf6 {[%emt 0:00:29]} 49. Rd1 {[%emt 0:01:40]} Nxe8 {[%emt 0:00:06]} 0-1